000 00557nam a22002297a 4500
003 UA-OsUOA
001 48113
007 ta
008 20070830b un ||||| |||| 00| 0 ukr d
100 _aЛеонидзе Г.
090 _a821.161.1
_bЛ47
942 _cBK
040 _aUA-OsUOA
_bukr
_cUA-OsUOA
_dUA-OsUOA
245 _aИзбранное
300 _a234 с.
955 _a2
041 _aukr
080 _a821.161.1
260 _aМ.
_c1949
650 7 _a82 Література. Літературознавство
_2UDC
999 _c334218
_d334218